00268nam a2200097Ia 4500008004100000041000800041100001500049245005500064260004300119300000800162240521s2012 xx 000 0 und d aeng aFORD NIGEL aTHE ESSENTIAL GUIDE TO USING THE WEB FOR RESEARCH. bSAGE PUBLISHING INC.,AMERICA,U.Kc2012 a246